Т. 5, № 2; Известия Томского Технологического Института [Известия ТТИ]
| Parent link: | Известия Томского Технологического Института [Известия ТТИ]/ Томский технологический институт (ТТИ). Т. 5, № 2.— , 1903-1925 |
|---|---|
| الملخص: | Текст в русской дореформенной орфографии Печатано по распоряжению и. об. Директора Томского Технологического Института Императора Николая II Раздельная пагинация страниц |
| اللغة: | الروسية |
| منشور في: |
Паровая типо-лит. П. И. Макушина, 1907
|
| الموضوعات: | |
| التنسيق: | كتاب |
| KOHA link: | https://koha.lib.tpu.ru/cgi-bin/koha/opac-detail.pl?biblionumber=156097 |
MARC
| LEADER | 00000nam2a2200000 4500 | ||
|---|---|---|---|
| 001 | 156097 | ||
| 005 | 20231101221900.0 | ||
| 035 | |a (RuTPU)RU\TPU\book\169297 | ||
| 035 | |a RU\TPU\book\169152 | ||
| 090 | |a 156097 | ||
| 100 | |a 20090323d1907 k y0rusy50 ca | ||
| 101 | 0 | |a rus | |
| 102 | |a RU | ||
| 105 | |a a z 000zy | ||
| 200 | 0 | |a Т. 5, № 2 | |
| 210 | |c Паровая типо-лит. П. И. Макушина |d 1907 | ||
| 215 | |a [4], VIII, 102, II, 95, [5] с. |c ил. | ||
| 300 | |a Текст в русской дореформенной орфографии | ||
| 300 | |a Печатано по распоряжению и. об. Директора Томского Технологического Института Императора Николая II | ||
| 300 | |a Раздельная пагинация страниц | ||
| 316 | |5 63413507: ШкА/23 |a Владельческий переплет ТТИ | ||
| 461 | 1 | |0 (RuTPU)RU\TPU\book\165999 |t Известия Томского Технологического Института [Известия ТТИ] |f Томский технологический институт (ТТИ) |v Т. 5, № 2 |d 1903-1925 | |
| 601 | 0 | 2 | |a Томский технологический институт (ТТИ) |c (1896-1923) |2 stltpush |3 (RuTPU)RU\TPU\col\9244 |
| 606 | 1 | |a Функции, теория |2 stltpush |3 (RuTPU)RU\TPU\subj\59510 |9 77024 | |
| 610 | 1 | |a технические вузы | |
| 610 | 1 | |a Сибирь | |
| 610 | 1 | |a Томский технологический институт | |
| 610 | 1 | |a отчеты | |
| 610 | 1 | |a математика | |
| 610 | 1 | |a точечные области | |
| 610 | 1 | |a труды учёных ТПУ | |
| 610 | 1 | |a коллекция ТПУ | |
| 610 | 1 | |a владельческие знаки | |
| 675 | |a 517.5 |v 3 | ||
| 801 | 1 | |a RU |b 63413507 |c 20090209 |g PSBO | |
| 801 | 2 | |a RU |b 63413507 |c 20190617 |g PSBO | |
| 942 | |c BK | ||